000 00857 a2200217 4500
005 20080917122150.0
008 080917t xxu||||| |||| 00| 0 eng d
010 _aENG-87795
020 _c175.00
_a8183184383
035 _aEN-71328
037 _bD.B.Act / Pub
082 _a651.7
100 _aRai, Urmila
245 _aBusiness communication
_cby Urmila Rai and S. M. Rai
260 _aMumbai
_bHimalaya Publishing House
_c2007
270 _a"Ramdoot", Dr. Bhalerao Marg, (Kelewadi), Girgaon
_bMumbai
_e400 004
_k022-23860170, 022-23863863
_mhimpub@vsnl.com
300 _a427 p.
_c24 cm. (Pbk)
700 _aRai, S. M.
942 _adpl
_cEN
_k651.7 / RAI
_2ddc
_h651.7
_mRAI
999 _c6963
_d6963